| 000 | 00927nam a2200253Ia 4500 | ||
|---|---|---|---|
| 003 | GCL | ||
| 008 | 140319s9999 xx 000 0 ara d | ||
| 040 |
_aGCL / _cGCL |
||
| 082 | 0 | 4 |
_aق _b953.082 _bأ ب |
| 100 | 1 | _aابن اياس : ابوالبركات محمد بن احمد الحنفى | |
| 245 | 1 | 0 |
_aبدائع الزهور فى وقائع الدهور / _cابن اياس : ابوالبركات محمد بن احمد الحنفى |
| 250 | _aالثانية | ||
| 260 |
_aالقاهرة : _bدار الكتب المصرية ، _c0 |
||
| 300 | _aمتعدد | ||
| 490 |
_aكتاب الشعب _v99 |
||
| 650 | 0 | 4 | _aمصر |
| 650 | 0 | 4 | _aالاحوال الاجتماعية |
| 650 | 0 | 4 | _aالاحوال السياسية |
| 650 | 0 | 4 | _aالتاريخ الاسلامى |
| 650 | 0 | 4 | _aالاحوال الاقتصادية |
| 650 | 0 | 4 | _aالتاريخ |
| 650 | 0 | 4 | _aالحضارة الاسلامية |
| 942 |
_2ddc _cBK |
||
| 999 |
_c58792 _d58792 |
||